000 00549pam a2200193 a 4500
001 4905592
005 20241213115902.0
008 940331s1995 paua b 001 0 eng
020 _a9780874346763
050 0 0 _aQH440.2
_b.B46 1995
082 0 0 _a575.1
_220
100 1 _aBenner, Michael.
245 1 0 _aGenetics /
_cMichael Benner.
260 _aSpringhouse, Pa. :
_bSpringhouse Corp.,
_cc1995.
300 _aviii, 182 p. :
_bill. ;
_c23 cm.
440 0 _aApplied science review
650 0 _aGenetics
_xOutlines, syllabi, etc.
942 _2lcc
_cBK
_n0
999 _c2141
_d2141